| 000 | 00525nam a2200193Ia 4500 | ||
|---|---|---|---|
| 003 | GCL | ||
| 008 | 140319s9999 xx 000 0 eng d | ||
| 040 |
_aGCL / _cGCL |
||
| 082 | 0 | 4 |
_a813.82 _bB L |
| 100 | 1 | _aBENSON, JACKSON J. | |
| 245 | 1 | 0 |
_aLOOKING FOR STEINBECKS GHOST / _cBENSON, JACKSON J. |
| 260 |
_a[S.N] : _bUNIVERSITY OF OKLAHONA PRESS ، _c1988 |
||
| 300 | _a231 PP | ||
| 650 | 0 | 4 | _aالبنوك-النقود |
| 650 | 0 | 4 | _aFICTION |
| 650 | 0 | 4 | _aAMERICAN LITERATURE |
| 650 | 0 | 4 | _aBIOGRAPHIES |
| 942 |
_2ddc _cBK |
||
| 999 |
_c19148 _d19148 |
||